000 00572cam a2200205ua 4500
001 10370
005 20260515114620.0
008 180719n ii |||gr||||Z||||||hin
020 _a9788120821149
020 _a9788120821156
040 _cMAIN
041 _ahin
082 _a418.02
100 _aShastri, Chakradhar Nautiyal Hansh,
_eAuthor.
245 _aBrihad anubad chandrika
_cBy Chakradhar Nautiyal Hansh Shastri
260 _aDelhi:
_bMotilal banarasidas,
_c2016.
653 _aStandard usage & applied linguistics
653 _aHindi translation
942 _cBK
999 _c9351
_d9351